• 首页
  • 本馆介绍
  • 公告通知
  • 最新文献
  • 馆藏检索
  • 电子资源
  • 读者导购
  • 参考咨询
  • 我的图书馆
  • 登录
  • 详细信息显示
  • 放入我的书架
  • 预约/预借图书
  • 作者相关作品
  • 分类相关作品
  • 丛书相关作品
  • 出版社相关作品

书目信息

  • 表格格式
  • 工作单格式
  • 卡片格式
题名:
农畜产品品质安全光学无损快速检测技术
    
 
作者: 彭彦昆 著
分册:  
出版信息: 北京   科学出版社  2016.02
页数: 360页
开本: 24cm
丛书名:
单 册:
中图分类: S37
科图分类:
主题词: 农产品--质量检验--无损检验 , 畜产品--质量检验--无损检验
电子资源:
ISBN: 978-7-03-047197-0
000 01029nam0 2200241 450
001 3851
005 20181008162044.11
010    @a978-7-03-047197-0@dCNY128.00
100    @a20150920d2016 em y0chiy50 ea
101 0  @achi
102    @aCN@b110000
105    @aa z 000yy
200 1  @a农畜产品品质安全光学无损快速检测技术@9nong xu chan pin pin zhi an quan guang xue wu sun kuai su jian ce ji shu@dNondestructive optical technology for agro-food quality and safety assessment@f彭彦昆著@zeng
210    @a北京@c科学出版社@d2016.02
215    @a360页@c图@d24cm
330    @a本书针对水果、蔬菜、牛肉、猪肉、禽肉及禽蛋、水产品、家畜和家禽活体等大宗农畜产品,分门别类地描述了国内外的最新无损快速检测方法、实用技术和发展趋势等。
510 1  @aNondestructive optical technology for agro-food quality and safety assessment@zeng
606 0  @a农产品@x质量检验@x无损检验
606 0  @a畜产品@x质量检验@x无损检验
690    @aS37@v5
701  0 @a彭彦昆@9peng yan kun@4著
801  0 @aCN@b91MARC@c20150920
905    @aMuseLib@dS37@e54
    
    农畜产品品质安全光学无损快速检测技术=Nondestructive optical technology for agro-food quality and safety assessment/彭彦昆著.-北京:科学出版社,2016.02
    360页:图;24cm
    
    
    ISBN 978-7-03-047197-0:CNY128.00
    本书针对水果、蔬菜、牛肉、猪肉、禽肉及禽蛋、水产品、家畜和家禽活体等大宗农畜产品,分门别类地描述了国内外的最新无损快速检测方法、实用技术和发展趋势等。
●
相关链接 在E读中查询图书 在五车中查询图书 在当当中查询图书 在豆瓣中查询图书


正题名:农畜产品品质安全光学无损快速检测技术     索取号:S37/54         预约/预借

序号 登录号 条形码 馆藏地/架位号 状态 备注
1 1123943   211239435   第二样本阅览室/ [索取号:S37/54] 在馆    
2 1123944   211239444   密集书库-生命科学系/ [索取号:S37/54] 在馆    
3 1123945   211239453   第三借阅区/ [索取号:S37/54] 在馆    
唐山师范学院图书馆 欢迎您!
大连网信软件有限公司© 版权所有